Reštrukturalizácia ekonomiky a zamestnanosť v SR Výskumná štúdia
Guardado en:
| Autor principal: | |
|---|---|
| Formato: | Libro |
| Lenguaje: | eslovaco |
| Publicado: |
Bratislava
Výskumný ústav národohospodársky EU
1993
|
| Edición: | 1. vyd. |
| Materias: | |
| Etiquetas: |
Sin Etiquetas, Sea el primero en etiquetar este registro!
|
MARC
| LEADER | 00000nam a2200000 4500 | ||
|---|---|---|---|
| 001 | c003259 | ||
| 005 | 20221214082759.0 | ||
| 041 | 0 | |a slo | |
| 044 | |a SK | ||
| 245 | 1 | 0 | |a Reštrukturalizácia ekonomiky a zamestnanosť v SR |b Výskumná štúdia |c Eulália Ižová |
| 250 | |a 1. vyd. | ||
| 264 | 1 | |a Bratislava |b Výskumný ústav národohospodársky EU |c 1993 | |
| 300 | |a 19 s. | ||
| 610 | 2 | 0 | |a zamestnanosť |
| 610 | 2 | 0 | |a zmeny štruktúrne |
| 610 | 2 | 0 | |a Slovensko |
| 610 | 2 | 0 | |a trh práce |
| 610 | 2 | 0 | |a konverzia priemyslu |
| 610 | 2 | 0 | |a priemysel zbrojársky |
| 610 | 2 | 0 | |a nezamestnanosť |
| 610 | 2 | 0 | |a politika hospodárska |
| 610 | 2 | 0 | |a politika regionálna |
| 610 | 2 | 0 | |a regióny |
| 610 | 2 | 0 | |a mestá |
| 100 | 1 | |a Ižová, Eulália | |